00640nam a2200205 a 450000500170000000800410001701000130005802000250007103500130009603700150010904000180012408200060014210000190014824500890016726000290025627000650028530000350035065000330038570000160041820090912113537.0080424s2008 nyua j 000 1 eng  aB-358100 a9788126416820c60.00 aB-358100 bDBAD / PUB adplbEnglish  aS aChandy, Luiza  aGrimm's little red riding hood /cretold by Luiza Chandy; illustrated by K.R. Raji  aKerala bDC Books c2007 aDC Kizhakemuri Edam, Good Shepherd Street, Kottayam b686001 a29p.:bcol. ill. ;c22cm(pbk)  aChildren's stories, English  aRaji, K.R.